1389 1287 1464 1806 1095 1666 1725 1679 1074 1246 1637 1498 1353 1768 1446 1741 1672 1767 1574 1104 1884 1730 1435 1948 1622 1604 1820 1939 1752 1447 1959 1033 1216 1767 1373 1459 1642 1866 1597 1586 1006 1479 1293 1999 1123 1241 1634 1713 1075 1641 1350 1706 1289 1069 1383 1106 1845 1215 1002 1181 1660 1208 1698 1144 1401 1221 1886 1744 1497 1061 1468 1270 1753 1450 1700 1881 1054 1654 1010 1524 1584 1164 1672 1644 1721 1049 1874 1501 1805 1380 1583 1865 1350 1389 1317 1773 1659 1369 1845 BCNSPRNW ULIB Ver.6.0+V

เปลี่ยนเป็นภาษาไทย

Change to English
 แสดงรายละเอียดบรรณานุกรม
  กลับหน้าหลัก

Brief Record : Get Marc (ISO 2709) : E-mail record : QR code < ปิดหน้าต่าง
LEADER : 00000nam 2200000uu 4500
001    13399126448
003     ULIB
008    180916s2559||||th 000 0 tha d
020    ^a9786162147241
050    ^aนว^bว177ห
100 0  ^aวรรณวรรธน์
245 10 ^aหนึ่งด้าวฟ้าเดียวกัน เล่ม 2/ ^cวรรณวรรธน์
250    ^aพิมพ์ครั้งที่ 9
260    ^aกรุงเทพฯ : ^bณ บ้านวรรณกรรม, ^c2559
300    ^a342 หน้า ;^c21 ซม
945    ^p540^l0^i26650
999    ^aกัณชพร จุลอักษร
รายการนี้ยังไม่มีแท็ก
คุณยังไม่ได้ล็อกอิน คุณสามารถมีกิจกรรมร่วมกับเว็บไซต์ได้ แต่ต้องล็อกอินก่อน ::
  ล็อกอิน

รายการสื่อสารสนเทศ

ลำดับที่ ประเภท เลขเรียก/บาร์โค้ด สถานที่ สถานะ
1. วิทยาศาสตร์การแพทย์ และสุขภาพ
วิทยาศาสตร์การแพทย์ และสุขภาพ
นว ว177ห ฉ.1 
  Barcode: 26650
ห้องสมุดวิทยาเขตนครสวรรค์
►หนังสือทั่วไป:l:General Books
บนชั้น

รายการใกล้เคียง
    ผู้แต่ง [วรรณวรรธน์]

BibComment


ยังไม่เคยถูกคอมเมนท์

คอมเมนท์ทรัพยากรรายการนี้
  คอมเมนท์: หนึ่งด้าวฟ้าเดีย..


 Copyright 2026. Bcnsprnw @Library